World's Highest Paid Athletes in 2021 - Statistics

General Stats
  • This quiz has been taken 29 times
  • The average score is 12 of 16
Answer Stats
Nationality Sport Earnings Athlete % Correct
Argentine $130.0 M Lionel Messi
100%
Portuguese $120.0 M Cristiano Ronaldo
96%
American 🏈 $76.0 M Tom Brady
93%
Irish 🥊 $180.0 M Conor McGregor
89%
American 🏀 $96.5 M LeBron James
89%
Swiss 🎾 $90.0 M Roger Federer
86%
American 🏌️‍♂️ $60.0 M Tiger Woods
86%
Brazilian $95.0 M Neymar
82%
Basketball 🏀 $74.5 M Stephen Curry
82%
American 🏀 $75.0 M Kevin Durant
71%
British 🏁 $82.0 M Lewis Hamilton
68%
Japanese 🎾 $60.0 M Naomi Osaka
68%
American 🏈 $54.4 M Patrick Mahomes
57%
American 🏀 $51.0 M James Harden
43%
American 🏀 $59.0 M Russell Westbrook
43%
American 🏈 $107.5 M Dak Prescott
25%
No matching quizzes found
Score Distribution
Percent of People with Each Score
Percentile by Number Answered
Your Score History
You have not taken this quiz